01321nam a22003497a 4500003000500000005001700005008004100022010001000063011001000073035001000083040000900093082001600102100002900118245008400147260009300231300001100324490002100335590004100356590004100397590004100438590004100479590004100520590004200561650005500603650005600658830002800714901000700742942001000749949005800759999001700817952013700834CHAP20220329140753.0971013s1942 enk r 00010 eng d a57335 a58307 a62462 cCHAP04a591.942bS500aSmart, Johneed.91069151 aBibliography of key works for the identification of the British fauna and flora aLondon :bAssociation for the Study of Systematics in Relation to General Biology,c1942 a105 p. aPublicationv; 1 aBATCH-UPDb10c20130110lUCH01h0522 aBATCH-UPDb10c20130410lUCH01h0201 aBATCH-UPDb10c20130410lUCH01h1623 aBATCH-UPDb10c20130914lUCH01h0634 aBATCH-UPDb10c20130914lUCH01h2139 aCONVERSIONb10c20130109lUCH01h133114aBiologíaxBibliografíaxGran Bretaña.91277714aZoologíaxBibliografíaxGran Bretaña.91241610 aPublicationv; 1992792 aBK cLIBRO a591.942 S5bBCcCd33724000496865eCh26126i62462si c57335d57335 00102ddc4051708CaBCbBCcPA_CONSULTAd2019-12-31fLIBROl0o591.942 S5p33724000496865r2019-12-31 00:00:00w2019-12-31yLIBRO